00000000nam##2200000za#4500
0019.662687
003CaOODSP
00520210615120703
007ta
008150407|2001||||xxc|||||     f|0| 0 eng|d
020 |a0-662-65654-7
040 |aCaOODSP|beng
041 |aeng
041 |afre
043 |an-cn---
0861 |aSC94-82/2001
1101 |aCanada.|bCanadian Centre for Management Development.
24514|aThe learning journey : |ba guide to achieving excellence / |cby Peter Stoyko.
260 |aOttawa - Ontario : |bCanadian Centre for Management Development |c2001.
300 |avi, 54p. : |billus. ; |c28 cm.
504 |aBibliography.
563 |aSoftcover
590 |a02-27|b2002-07-05
590 |a02-31|b2002-08-02
69007|aPublic administration|2gcpds
69007|aLearning|2gcpds
69007|aPublic service|2gcpds
7201 |aStoyko, Peter
7760#|tLe périple de l'apprentissage : |w(CaOODSP)9.640024
7760#|tThe learning journey : |w(CaOODSP)9.695904
792 |tLe périple de l'apprentissage : |efre|w(CaOODSP)9.662688